LIBRARY & INFORMATION CENTRE, KCAET, TAVANUR

ONLINE PUBLIC ACCESS CATALOGUE (OPAC)

Layman`s Love of letters, Being the clark lectures delivered at Cambridge October- November 1953 / (Record no. 789)

MARC details
000 -LEADER
fixed length control field 00432cam a2200145ua 4500
041 ## - LANGUAGE CODE
Language code of text/sound track or separate title eng
082 ## - DEWEY DECIMAL CLASSIFICATION NUMBER
Classification number 825
Item number TRE/LA
100 ## - MAIN ENTRY--AUTHOR NAME
Personal name Trevelyan, G.M .
245 ## - TITLE STATEMENT
Title Layman`s Love of letters, Being the clark lectures delivered at Cambridge October- November 1953 /
260 ## - PUBLICATION, DISTRIBUTION, ETC. (IMPRINT)
Place of publication London :
Name of publisher Longmans Green and co. ,
Year of publication 1954.
300 ## - PHYSICAL DESCRIPTION
Number of Pages 125 ; .
942 ## - ADDED ENTRY ELEMENTS (KOHA)
Koha item type Books
Holdings
Withdrawn status Lost status Damaged status Home library Current library Date acquired Full call number Accession Number Koha item type
Withdrawn     KAUAET Sanskrit University 07/04/2012 825 11793 Books
free website counter